| 000 | 00502cam a22001691 4500 | ||
|---|---|---|---|
| 001 | 000001900 | ||
| 005 | 20240510073816.0 | ||
| 008 | 720731s1946 xxu 001 0 eng | ||
| 040 |
_aDO-SdBNP _bspa _cBNPHU |
||
| 082 |
_a100 _bT454L |
||
| 100 | 1 |
_aThomas, Henry, _d1886- _96197 |
|
| 245 | 1 | 4 |
_aThe living world of philosophy / _cHenry Thomas. |
| 260 |
_aPhiladelphia : _bThe Blakiston company, _c1946. |
||
| 300 |
_a399 p. ; _c22 cm. |
||
| 504 | _aBibliografĂa: p. [381]-386. | ||
| 650 | 0 |
_aFilosofĂa _9813 |
|
| 999 |
_c1772 _d1772 |
||